Liste des 23 équipe de France 2014 - Statistiques

Statistiques générales
  • Ce quiz a été pris 168 fois
  • Le résultat moyen est 16 sur 23
Statistiques - réponses
Postes Réponses % Correct
Gardien Lloris
99%
Défenseur Varane
95%
Attaquant Benzema
92%
Milieu Pogba
92%
Attaquant Giroud
91%
Attaquant Griezmann
88%
Milieu Matuidi
86%
Défenseur Évra
79%
Gardien Ruffier
79%
Défenseur Sagna
78%
Milieu Valbuena
76%
Défenseur Koscielny
75%
Milieu Cabaye
73%
Défenseur Sakho
66%
Gardien Landreau
64%
Défenseur Debuchy
62%
Milieu Sissoko
60%
Défenseur Digne
55%
Milieu Schneiderlin
49%
Défenseur Mangala
41%
Milieu Cabella
40%
Attaquant Rémy
36%
Milieu Mavuba
35%
Aucun quiz correspondant
Distribution des résultats
% des personnes avec chaque résultat
Percentile par nombre de réponses
Votre historique - résultats
Vous n’avez pas pris ce quiz